000 00684nam a2200253 a 4500
001 BRCA_5377
005 20190320205043.0
008 081210s1909----gw-a######---#000-0#ger-#
041 _ager
044 _agw
050 4 _aND673
_b.K53 1909
100 1 _aKnackfuss, H.
_913362
245 1 0 _aRubens
_cH. Knackfuss.
250 _a9
260 _aBielefeld, Alemania
_bVelhagen & Klasing
_c1909
300 _a164 p.
_bil., 134 láminas
_c25 cm.
440 0 _aKünstler Monographien
_v2
_913466
500 _aEdición con cantos dorados
500 _aE119
600 1 4 _aRubens, Peter Paul
_d1577-1640
_95125
650 1 4 _aPintores flamencos
_97571
902 _aGFM
942 _2lcc
_cB
999 _c5071
_d5071